| 000 | 00925nmc a2200325 a 4500 | ||
|---|---|---|---|
| 003 | AR-BaBNM | ||
| 005 | 20251128203705.0 | ||
| 008 | 301020s1989 ||||||||||||||000 | spa|| | ||
| 020 | _a84-348-1289-4 | ||
| 040 | _cAR-BaBNM | ||
| 100 | 1 | _aSarto, María Montserrat | |
| 245 | 1 | 0 |
_aLa animación a la lectura _bpara hacer al niño lector |
| 250 | _a6ª ed. | ||
| 260 |
_aMadrid _bEdiciones SM _c1989 |
||
| 300 | 0 |
_a137 p. _bil. |
|
| 490 | 0 |
_aCuadernos para Educar _vv. 17 |
|
| 650 | 4 | _aENSENANZA DE LA LECTURA | |
| 650 | 4 | _aMETODOS DE ENSENANZA | |
| 650 | 4 | _aPROCESO DE LECTURA | |
| 650 | 4 | _aDIFICULTAD EN LA LECTURA | |
| 650 | 4 | _aPROGRAMAS DE LECTURA | |
| 650 | 4 | _aMEJORA DE LA LECTURA | |
| 651 | 4 | _aEspaña | |
| 653 | 0 | _aENSENANZA DE LA LENGUA | |
| 653 | 0 | _aCOMPRENSION LECTORA | |
| 653 | 0 | _aEDUCACION GENERAL BASICA | |
| 700 | 1 |
_aCubells Salas, Francisco _eprologuista |
|
| 942 | _cBK | ||
| 998 | _cSILVI | ||
| 999 |
_c4506 _d4506 |
||